Color atlas of histology / (Record no. 1616)
[ view plain ]
| 000 -LEADER | |
|---|---|
| fixed length control field | 01745nac a22003011u 4500 |
| 008 - FIXED-LENGTH DATA ELEMENTS--GENERAL INFORMATION | |
| fixed length control field | 150503b xxu||||| |||| 00| 0 eng d |
| 010 ## - LIBRARY OF CONGRESS CONTROL NUMBER | |
| LC control number | 2005002800 |
| 020 ## - INTERNATIONAL STANDARD BOOK NUMBER | |
| International Standard Book Number | 0781752167 (spiralbound) |
| 020 ## - INTERNATIONAL STANDARD BOOK NUMBER | |
| International Standard Book Number | 0781798280 (perfectbound) |
| 035 ## - SYSTEM CONTROL NUMBER | |
| System control number | (DNLM)101239927 |
| 082 00 - DEWEY DECIMAL CLASSIFICATION NUMBER | |
| Classification number | 611.0180222 |
| Item number | G2442 |
| 100 ## - MAIN ENTRY--PERSONAL NAME | |
| Personal name | Gartner, Leslie P., |
| 245 10 - TITLE STATEMENT | |
| Title | Color atlas of histology / |
| Statement of responsibility, etc | Leslie P. Gartner, James L. Hiatt. |
| 250 ## - EDITION STATEMENT | |
| Edition statement | 4th ed. |
| 260 ## - PUBLICATION, DISTRIBUTION, ETC. (IMPRINT) | |
| Place of publication, distribution, etc | Philadelphia : |
| Name of publisher, distributor, etc | Lippincott Williams & Wilkins, |
| Date of publication, distribution, etc | c2006. |
| 300 ## - PHYSICAL DESCRIPTION | |
| Extent | xv, 439 p. : |
| Other physical details | col. ill. ; |
| Dimensions | 26 cm. + |
| Accompanying material | 1 CD-ROM (4 3/4 in.) |
| 500 ## - GENERAL NOTE | |
| General note | "Interactive color atlas of histology"--CD-ROM label. |
| 500 ## - GENERAL NOTE | |
| General note | Includes index. |
| 505 0# - FORMATTED CONTENTS NOTE | |
| Formatted contents note | The cell -- Epithelium and glands -- Connective tissue -- Cartilage and bone -- Blood and hemopoiesis -- Muscle -- Nervous tissue -- Circulatory system -- Lymphoid tissue -- Endocrine system -- Integument -- Respiratory system -- Digestive system I: oral region -- Digestive system II: alimentary canal -- Digestive system III: digestive glands -- Urinary system -- Female reproductive system -- Male reproductive system -- Special senses. |
| 538 ## - SYSTEM DETAILS NOTE | |
| System details note | System requirements for accompanying CD-ROM: Windows: Windows 2000, Windows NT 4.0, or Windows XP, Pentium II, Internet Explorer 5.5 or higher or Netscape 7.02; Macintosh: Apple Power Macintosh or compatible computer, MAC OS version 9.2 or later. |
| 650 #0 - SUBJECT ADDED ENTRY--TOPICAL TERM | |
| Topical term or geographic name as entry element | Histology |
| Form subdivision | Atlases. |
| Source of heading or term | BUEsh |
| 9 (RLIN) | 30952 |
| 650 #0 - SUBJECT ADDED ENTRY--TOPICAL TERM | |
| Topical term or geographic name as entry element | Histology |
| Form subdivision | Atlases. |
| Source of heading or term | BUEsh |
| 9 (RLIN) | 30952 |
| 651 ## - SUBJECT ADDED ENTRY--GEOGRAPHIC NAME | |
| Source of heading or term | BUEsh |
| 700 1# - ADDED ENTRY--PERSONAL NAME | |
| Personal name | Hiatt, James L., |
| Dates associated with a name | 1934- |
| 740 02 - ADDED ENTRY--UNCONTROLLED RELATED/ANALYTICAL TITLE | |
| Uncontrolled related/analytical title | Interactive color atlas of histology. |
| 856 41 - ELECTRONIC LOCATION AND ACCESS | |
| Materials specified | Table of contents |
| Uniform Resource Identifier | <a href="http://www.loc.gov/catdir/toc/ecip057/2005002800.html">http://www.loc.gov/catdir/toc/ecip057/2005002800.html</a> |
| 942 ## - ADDED ENTRY ELEMENTS (KOHA) | |
| Item type | Book - Borrowing |
| Call number prefix | 611.0180222G2442 |
| Source of classification or shelving scheme | Dewey Decimal Classification |
| Withdrawn status | Item status | Source of classification or shelving scheme | Damaged status | Not for loan | Vendor | Home library | Current library | Shelving location | Date acquired | Source of acquisition | Cost, normal purchase price | Total Checkouts | Total Renewals | Full call number | Barcode | Date last seen | Date last borrowed | Cost, replacement price | Koha item type |
|---|---|---|---|---|---|---|---|---|---|---|---|---|---|---|---|---|---|---|---|
| Dewey Decimal Classification | Central Library | Central Library | First floor | 06/11/2016 | 205.00 | 7 | 37 | 611.0180222 GAR | 000002725 | 15/07/2025 | 13/04/2022 | 256.25 | Book - Borrowing | ||||||
| Dewey Decimal Classification | Central Library | Central Library | First floor | 03/05/2015 | 205.00 | 611.0180222 GAR | 000038099 | 24/08/2022 | 256.25 | CD | DVD - With book |